000 00623nam a2200193Ia 4500
008 151121s9999||||xx |||||||||||||| ||und||
082 _a500/गोपाल
082 _bHNW-18692
100 _aगोपाल कृष्ण
245 _aशक्ति और इंजन
260 _b"आत्माराम एण्ड संस, दिल्ली।"
260 _c--
300 _a111
600 _aगोपाल कृष्ण
630 _aशक्ति और इंजन
700 _aगोपाल कृष्ण
730 _aशक्ति और इंजन
942 _cBOOK
999 _c1220522
_d1220519